• 首页
  • 本馆介绍
  • 公告通知
  • 最新文献
  • 馆藏检索
  • 电子资源
  • 读者导购
  • 参考咨询
  • 我的图书馆
  • 登录
  • 详细信息显示
  • 放入我的书架
  • 预约/预借图书
  • 作者相关作品
  • 分类相关作品
  • 丛书相关作品
  • 出版社相关作品

书目信息

  • 表格格式
  • 工作单格式
  • 卡片格式
题名:
心理学与工作
    
 
作者: 马金斯基 著 ;姚翔 译
分册:  
出版信息: 北京   机械工业出版社  2014
页数: 15,298页
开本: 28cm
丛书名:
单 册:
中图分类: F406.13
科图分类:
主题词: 工业心理学--gong ye xin li xue--组织心理学
电子资源:
ISBN: 978-7-111-47103-5
000 01155nam0 22002771 450
001 1754568043
005 20170516112211.0
010    @a978-7-111-47103-5@dCNY65.00
100    @a20141103d2014 em y0chiy50 ea
101 1  @achi@ceng
102    @aCN@b110000
105    @aa z 000yy
106    @ar
200 1  @a心理学与工作@9xin li xue yu gong zuo@dPsychology applied to work@e工业与组织心理学导论@f(美)保罗 M. 马金斯基(Paul M. Muchinsky)著@g姚翔等译@zeng
210    @a北京@c机械工业出版社@d2014
215    @a15,298页@c照片@d28cm
305    @a由Hypergraphic Press.授权出版 据原书第10版译出
330    @a本书分为14章,介绍了工业与组织心理学的研究方法、决策标准、心理测评、人事决策、组织学习、绩效管理、组织与组织变革、团队与团队合作、组织态度与行为、职场心理健康等。
510 1  @aPsychology applied to work@zeng
517 1  @a工业与组织心理学导论@9gong ye yu zu zhi xin li xue dao lun
606 0  @a工业心理学@9gong ye xin li xue@x组织心理学
690    @aF406.13@v5
701  0 @c(美)@a马金斯基@9ma jin si ji@c(Muchinsky, Paul M.)@4著
702  0 @a姚翔@9yao xiang@4译
801  0 @aCN@b百万庄@c20170513
905    @b1006878-83@dF406.13@e227@f6
    
    心理学与工作=Psychology applied to work:工业与组织心理学导论/(美)保罗 M. 马金斯基(Paul M. Muchinsky)著/姚翔等译.-北京:机械工业出版社,2014
    15,298页:照片;28cm
    
    
    ISBN 978-7-111-47103-5:CNY65.00
    本书分为14章,介绍了工业与组织心理学的研究方法、决策标准、心理测评、人事决策、组织学习、绩效管理、组织与组织变革、团队与团队合作、组织态度与行为、职场心理健康等。
●
相关链接 在E读中查询图书 在五车中查询图书 在当当中查询图书 在豆瓣中查询图书


正题名:心理学与工作     索取号:F406.13/227         预约/预借

序号 登录号 条形码 馆藏地/架位号 状态 备注
1 1006878   210068781   第一样本阅览室/ [索取号:F406.13/227] 在馆    
2 1006879   210068790   教育系资料室/ [索取号:F406.13/227] 在馆    
3 1006880   210068807   教育系资料室/ [索取号:F406.13/227] 在馆    
4 1006881   210068816   教育系资料室/ [索取号:F406.13/227] 在馆    
5 1006882   210068825   第一借阅区/ [索取号:F406.13/227] 在馆    
6 1006883   210068834   第一借阅区/ [索取号:F406.13/227] 在馆    
唐山师范学院图书馆 欢迎您!
大连网信软件有限公司© 版权所有